CRC handbook of mathematical sciences
সংরক্ষণ করুন:
| প্রধান লেখক: | |
|---|---|
| বিন্যাস: | গ্রন্থ |
| ভাষা: | ইংরেজি |
| প্রকাশিত: |
Boca Ratón
CRC
1978
|
| সংস্করন: | 5a. ed |
| বিষয়গুলি: | |
| ট্যাগগুলো: |
ট্যাগ যুক্ত করুন
কোনো ট্যাগ নেই, প্রথমজন হিসাবে ট্যাগ করুন!
|
MARC
| LEADER | 00000nam a2200000 a 4500 | ||
|---|---|---|---|
| 001 | UCY3001 | ||
| 003 | CL-VaPUC | ||
| 008 | 941205e19780000US |||||||||||||||||eng|d | ||
| 082 | 0 | 4 | |a 510.212 |b BEY |2 21 |
| 100 | 0 | |a Beyer, William H |e author |9 331185 | |
| 245 | 1 | 0 | |a CRC handbook of mathematical sciences |
| 246 | 1 | 0 | |a Handbook of mathematical sciences |
| 250 | |a 5a. ed | ||
| 300 | |a 982 p | ||
| 942 | |c BK | ||
| 945 | |d 19941205 00:00:00 |a mfernand | ||
| 260 | |a Boca Ratón |b CRC |c 1978 | ||
| 650 | 7 | |a MATEMATICAS TABLAS |2 CL-VaPUC |9 270340 | |
| 583 | |a last modification |c 19941205 00:00:00 |k Rodrigo Vera | ||
| 999 | |c 231255 |d 231253 | ||
| 952 | |0 0 |1 0 |4 0 |6 510_212000000000000_BEY_1978 |7 0 |8 CCM |9 234282 |a BIBCUR |b BIBCUR |d 2019-11-15 |i 3039234 |o 510.212 BEY 1978 |p 3039234 |r 2025-04-22 |w 2019-11-15 |y BK |k CIM | ||
| 952 | |0 0 |1 0 |4 0 |6 510_212000000000000_BEY_1978 |7 0 |8 A |9 234283 |a BIBALI |b BIBALI |c GEN |d 2019-11-15 |i 1959123 |o 510.212 BEY 1978 |p 1959123 |r 2025-01-20 |w 2019-11-15 |y BK |k ALI | ||